| 000 | 01475nam a2200361 a 4500 | ||
|---|---|---|---|
| 003 | DO-SdBPM | ||
| 005 | 20251112094011.0 | ||
| 007 | ta | ||
| 008 | 211014e2008 dr |||| 001 0 spa d | ||
| 020 | _a9788482984117 | ||
| 040 |
_aDO-SdBPM _bspa _cBPMSU _erda |
||
| 082 | 4 |
_aR917.7293 _b B167n 2008 _222 |
|
| 100 | 1 |
_aBaker, Christopher P. _eautor |
|
| 245 | 1 | 0 |
_aNational Geographic _b:República Dominicana / _cChristopher P. Baker ; fotografías de Gilles Mingasson ; traducción, Álvaro García, Henar Recuero y Moisés Ramírez |
| 264 |
_aEspaña : _bRBA, Revistas, _c2008 |
||
| 300 |
_a239 páginas : _b ilustración , mapas, planos ; _c22 cm. |
||
| 336 |
_atexto _btxt _2rdacontent |
||
| 337 |
_asin mediación _bn _2rdamedia |
||
| 338 |
_avolumen _bnc _2rdacarrier |
||
| 490 | 0 | _aGuías Audi | |
| 505 | 0 | _aHistoria y Cultura.-- Santo Domingo.-- El Sureste.-- La península de Samaná.-- La costa norte.-- El Cibao.-- Cordillera Central.-- El suroeste.-- Información práctica. | |
| 590 | _aInventariado 2025/ VM | ||
| 650 | 7 |
_aGuías turísticas _xRepública Dominicana |
|
| 651 | 7 |
_a República Dominicana _xDescripciones y viajes |
|
| 700 | 1 |
_aMingasson, Gilles _efotografías _4 |
|
| 700 | 1 |
_aGarcía, Álvaro, _eilustrador |
|
| 700 | 1 |
_aRecuero, Henar, _eilustrador |
|
| 700 | 1 |
_aRamírez, Moisés, _eilustrador |
|
| 710 | 2 | _aNational Gograhpic | |
| 830 | 0 |
_aGuías Audi _lspa |
|
| 910 | _aVMateo V. Control de calidad. BPMSU | ||
| 942 |
_2ddc _cBK |
||
| 999 |
_c14268 _d14268 |
||